Wszystkie okręgi wyborcze do Senatu w Polsce - Statystyki

Ogólne statystyki
  • Ten quiz został rozwiązany 251 razy
  • Średni wynik to 62 z 100
Statystyki odpowiedzi
Nr Największe miasto okręgu % Poprawnych
42 | 43 | 44[k] | 45 Warszawa
99%
65 Gdańsk
96%
64 Gdynia
95%
32 | 33 Kraków
95%
7 | 8 Wrocław
95%
80 Katowice
91%
9 Bydgoszcz
90%
16 Lublin
90%
11 Toruń
89%
60 Białystok
88%
91 Poznań
88%
97 Szczecin
88%
50 Radom
87%
56 Rzeszów
87%
83 Kielce
86%
52 Opole
86%
86 Olsztyn
85%
23 | 24 Łódź
84%
21 Gorzów Wielkopolski
83%
20 Zielona Góra
83%
69 Częstochowa
82%
77 Sosnowiec
81%
59 Suwałki
79%
100 Koszalin
77%
35 Tarnów
77%
4 Wałbrzych
77%
84 Elbląg
76%
3 Legnica
75%
38 Płock
75%
19 Zamość
74%
70 Gliwice
73%
37 Nowy Sącz
73%
62 Słupsk
73%
18 Chełm
72%
99 Kołobrzeg
72%
93 Konin
72%
78 Bielsko-Biała
71%
96 Kalisz
71%
58 Przemyśl
71%
13 Włocławek
71%
2 Jelenia Góra
70%
71 Zabrze
70%
57 Krosno
69%
28 Piotrków Trybunalski
69%
48 Siedlce
69%
87 Ełk
68%
10 Inowrocław
67%
88 Piła
67%
73 Rybnik
65%
12 Grudziądz
64%
17 Biała Podlaska
60%
92 Gniezno
58%
94 Leszno
58%
46 Ostrołęka
56%
76 Dąbrowa Górnicza
55%
75 Tychy
53%
41 Pruszków
52%
36 Nowy Targ
51%
66 Tczew
49%
74 Ruda Śląska
48%
98 Stargard
48%
53 Kędzierzyn-Koźle
47%
55 Mielec
46%
30 Oświęcim
46%
67 Malbork
45%
27 Sieradz
45%
54 Stalowa Wola
45%
39 Ciechanów
44%
25 Kutno
43%
14 Puławy
43%
51 Nysa
40%
95 Ostrów Wielkopolski
40%
40 Legionowo
39%
47 Mińsk Mazowiecki
38%
82 Ostrowiec Świętokrzyski
38%
63 Chojnice
37%
85 Iława
35%
72 Jastrzębie-Zdrój
35%
26 Pabianice
35%
29 Tomaszów Mazowiecki
34%
34 Bochnia
33%
1 Bolesławiec
33%
31 Olkusz
32%
79 Cieszyn
31%
15 Świdnik
30%
22 Nowa Sól
26%
6 Oleśnica
26%
61 Bielsk Podlaski
24%
5 Dzierżoniów
23%
68 Myszków
19%
81 Końskie
17%
89 Szamotuły
17%
49 Kozienice
14%
90 Swarzędz
14%
Nie znaleziono quizów pasujących do podanych kryteriów
Rozkład punktacji
Procent ludzi z każdym wynikiem
Percentyl według liczby udzielonych odpowiedzi
Twoja historia wyników
Nie rozwiązałeś tego quizu